Dane podnikateľských subjektov Aplikácia na praktických príkladoch

Na minha lista:
Detalhes bibliográficos
Autor principal: Baštincová, Anna
Formato: Livro
Idioma:eslovaco
Publicado em: Bratislava Elita 1993
Edição:1. vyd.
Assuntos:
Tags: Adicionar Tag
Sem tags, seja o primeiro a adicionar uma tag!

MARC

LEADER 00000nam a2200000 4500
001 c003139
005 20221214081916.8
020 |a 80-85323-46-X 
041 0 |a slo 
044 |a SK 
245 1 0 |a Dane podnikateľských subjektov  |b Aplikácia na praktických príkladoch  |c Anna Baštincová 
250 |a 1. vyd. 
264 1 |a Bratislava  |b Elita  |c 1993 
300 |a 163 s. 
610 2 0 |a dane z hodnoty pridanej 
610 2 0 |a dane spotrebné 
610 2 0 |a dane z príjmov 
610 2 0 |a dane cestné 
610 2 0 |a dane z nehnuteľností 
100 1 |a Baštincová, Anna